[Event "C'Chartres Blitz Men"]
[Site "Europe-Echecs INT"]
[Date "2020.06.13"]
[Round "3"]
[White "Guliyev, Namig"]
[Black "Keymer, Vincent"]
[Result "1/2-1/2"]
[WhiteTitle "GM"]
[BlackTitle "GM"]
[WhiteElo "2529"]
[BlackElo "2558"]
[WhiteFideId "13400363"]
[BlackFideId "12940690"]
[EventDate "2020.06.13"]

1. e4 e6 2. d4 d5 3. Nc3 Nf6 4. e5 Nfd7 5. f4 c5 6. Nf3 Nc6 7. Be3 a6 8. Qd2 b5
9. dxc5 Bxc5 10. Ne2 O-O 11. Bxc5 Nxc5 12. Ned4 Nxd4 13. Qxd4 Qb6 14. Bd3 a5 15.
O-O b4 16. a3 Bd7 17. axb4 axb4 18. b3 Bb5 19. Rxa8 Rxa8 20. Bxb5 Qxb5 21. f5
Qb6 22. fxe6 fxe6 23. h4 h6 24. Kh2 Qb5 25. Ra1 Rxa1 26. Qxa1 Qb8 27. Qd4 Ne4
28. h5 Kh7 29. Qe3 Qe8 30. Qd4 Qxh5+ 31. Kg1 Ng5 32. Nxg5+ Qxg5 33. Qxb4 Qxe5
34. Qc5 Qe4 35. b4 d4 36. b5 e5 37. b6 Qe3+ 38. Kh2 Qf4+ 39. Kg1 Qe3+ 40. Kh2
Qe4 41. Qc7 Qh4+ 42. Kg1 Qe1+ 43. Kh2 Qh4+ 44. Kg1 Qe1+ 1/2-1/2

[Event "C'Chartres Blitz Men"]
[Site "Europe-Echecs INT"]
[Date "2020.06.13"]
[Round "3"]
[White "Gukesh, D"]
[Black "Medvegy, Zoltan"]
[Result "1/2-1/2"]
[WhiteTitle "GM"]
[BlackTitle "GM"]
[WhiteElo "2563"]
[BlackElo "2524"]
[WhiteFideId "46616543"]
[BlackFideId "708402"]
[EventDate "2020.06.13"]

1. c4 Nf6 2. Nf3 e6 3. Nc3 b6 4. e4 Bb7 5. e5 Ne4 6. d4 Nxc3 7. bxc3 d6 8. Bd3
Nd7 9. Bf4 Be7 10. h4 dxe5 11. Nxe5 Nxe5 12. Bxe5 Bf6 13. Qe2 O-O 14. h5 Bxe5
15. Qxe5 Qd6 16. Qe3 c5 17. O-O Rfd8 18. Rad1 Rac8 19. d5 exd5 20. cxd5 Re8 21.
Qf3 c4 22. Bf5 Rcd8 23. Rd4 Re5 24. Rfd1 Rde8 25. g3 h6 26. Bc2 Re1+ 27. Rxe1
Rxe1+ 28. Kg2 Re5 29. Be4 b5 30. Qf4 Kf8 31. Bf3 a5 32. Re4 Rxd5 33. Qe3 Bc6 34.
Qb6 Rd3 35. Qa7 Bxe4 36. Bxe4 Rd2 37. Qa8+ Ke7 38. Qb7+ Qd7 39. Qb6 Qe6 40. Qc7+
Qd7 41. Qe5+ Kf8 42. Qb8+ Qe8 43. Qf4 Rxa2 44. Qd6+ Kg8 45. Bd5 a4 46. Bc6 Qf8
47. Qc7 a3 48. Bxb5 Rb2 49. Bxc4 a2 50. Qa7 Qe8 51. Bxa2 Qe4+ 52. Kg1 Qf5 53.
Bc4 Qxh5 54. Qa8+ Kh7 55. Bd3+ g6 56. Qa7 Qd1+ 57. Bf1 Kg7 58. Qe3 Qd6 59. c4
Rc2 60. Qe4 Rc1 61. Kg2 Qf6 62. Be2 h5 63. Bf3 Qc3 64. Be2 Qa1 65. Bf3 Rh1 66.
Be2 Qg1+ 67. Kf3 Qa1 68. Kg2 Qg1+ 69. Kf3 h4 70. Qd4+ Kh7 71. Qf6 Kg8 72. Qd8+
Kh7 73. Qf6 hxg3 74. Qxf7+ Kh6 75. Qf8+ Kh7 76. Qf7+ Kh6 77. Qf8+ Kh7 78. Qf7+ 1/2-1/2

[Event "C'Chartres Blitz Men"]
[Site "Europe-Echecs INT"]
[Date "2020.06.13"]
[Round "4"]
[White "Gukesh, D"]
[Black "Firouzja, Alireza"]
[Result "0-1"]
[WhiteTitle "GM"]
[BlackTitle "GM"]
[WhiteElo "2563"]
[BlackElo "2728"]
[WhiteFideId "46616543"]
[BlackFideId "12573981"]
[EventDate "2020.06.13"]

1. e4 e6 2. d4 d5 3. Nc3 Nf6 4. e5 Nfd7 5. f4 c5 6. Nf3 Nc6 7. Be3 Be7 8. Qd2 a6
9. Bd3 b5 10. O-O b4 11. Nd1 c4 12. Be2 a5 13. c3 a4 14. cxb4 Bxb4 15. Qc1 a3
16. b3 Na5 17. bxc4 Ba6 18. Bd2 Bxd2 19. Nxd2 O-O 20. Rf2 Bxc4 21. Nxc4 Nxc4 22.
Bxc4 Rc8 23. Qxa3 Rxc4 24. Rd2 Qb6 25. Qd3 Rfc8 26. Rb1 Qa7 27. Rb3 Nf8 28. Ne3
Ra4 29. a3 Ng6 30. g3 Ne7 31. Kg2 g6 32. Nc2 Rcc4 33. Rb4 h5 34. Rxa4 Qxa4 35.
Ne3 Rc1 36. h3 Ra1 37. Nc2 Ra2 38. Ne3 Rxa3 39. Qe2 Qb3 40. Nf1 Nf5 41. Qf2 h4
42. g4 Qxh3+ 0-1

[Event "C'Chartres Blitz Men"]
[Site "Europe-Echecs INT"]
[Date "2020.06.13"]
[Round "4"]
[White "Edouard, Romain"]
[Black "Bauer, Christian"]
[Result "1-0"]
[WhiteTitle "GM"]
[BlackTitle "GM"]
[WhiteElo "2649"]
[BlackElo "2623"]
[WhiteFideId "633429"]
[BlackFideId "603767"]
[EventDate "2020.06.13"]

1. d4 Nf6 2. c4 e6 3. Nc3 Bb4 4. Nf3 Bxc3+ 5. bxc3 d6 6. Nd2 c5 7. e4 Nc6 8. d5
Ne7 9. Bd3 Ng6 10. O-O e5 11. Re1 Nf4 12. Nf1 g5 13. Ne3 Kf8 14. g3 Nh3+ 15. Kg2
h5 16. Nf5 Bxf5 17. exf5 g4 18. Rb1 Qd7 19. Qc2 Re8 20. a4 Kg7 21. Be4 h4 22. a5
Rh5 23. Bd3 e4 24. Bxe4 Rxe4 25. Rxe4 Qxf5 26. Rxg4+ Qxg4 27. f3 Qxc4 28. g4
Rxd5 29. Kxh3 Rd3 30. Kg2 h3+ 31. Kf2 Rxc3 32. Qf5 Qd3 33. Bh6+ Kg8 34. Qxf6
Qc2+ 35. Kg3 1-0

[Event "C'Chartres Blitz Men"]
[Site "Europe-Echecs INT"]
[Date "2020.06.13"]
[Round "4"]
[White "Stephan, Victor"]
[Black "Dardha, Daniel"]
[Result "0-1"]
[WhiteTitle "IM"]
[BlackTitle "IM"]
[WhiteElo "2439"]
[BlackElo "2449"]
[WhiteFideId "656666"]
[BlackFideId "240990"]
[EventDate "2020.06.13"]

1. d4 Nf6 2. c4 e6 3. Nc3 Bb4 4. Qc2 O-O 5. Nf3 d5 6. cxd5 Qxd5 7. Bd2 Bxc3 8.
Bxc3 b6 9. e3 Bb7 10. Be2 Nbd7 11. O-O Ne4 12. Bb4 Rfd8 13. Rac1 Rac8 14. Rfd1
Qf5 15. Bd3 Qd5 16. Bc4 Qh5 17. Be2 c5 18. dxc5 Ndxc5 19. Ba3 h6 20. Rxd8+ Rxd8
21. Rd1 Rc8 22. Bf1 Ng5 23. Nxg5 Qxg5 24. Qd2 Bd5 25. b3 Ne4 26. Qd4 Nc3 27. Rd2
Nb5 28. Qb2 Nxa3 29. Qxa3 a5 30. Qb2 Qe7 31. Rc2 Rd8 32. Rd2 Rc8 33. Rc2 Rc5 34.
Qc1 Rxc2 35. Qxc2 g6 36. f3 Kg7 37. e4 Bb7 38. Qd2 e5 39. Qc3 h5 40. Kf2 Qh4+
41. Kg1 Qf6 42. Qc7 Ba8 43. Qb8 Qf4 44. Qxa8 Qe3+ 45. Kh1 Qf2 46. Qa6 Qxa2 47.
Qc4 Qa1 48. h3 h4 49. Kh2 Qe1 50. Qe2 Qg3+ 51. Kg1 Qf4 52. Kf2 Qg3+ 53. Ke3 Qf4+
54. Kd3 Qc1 55. f4 exf4 56. Qf2 b5 57. Qd4+ Kh7 58. Be2 Qb1+ 59. Kd2 Qxb3 60.
Qf6 a4 61. Qxh4+ Kg7 62. Qe7 Qb2+ 63. Ke1 a3 64. Bxb5 a2 0-1

[Event "C'Chartres Blitz Men"]
[Site "Europe-Echecs INT"]
[Date "2020.06.13"]
[Round "4"]
[White "Maghsoodloo, Parham"]
[Black "Maurizzi, Marc Andria"]
[Result "1/2-1/2"]
[WhiteTitle "GM"]
[BlackTitle "IM"]
[WhiteElo "2676"]
[BlackElo "2433"]
[WhiteFideId "12539929"]
[BlackFideId "36083534"]
[EventDate "2020.06.13"]

1. Nf3 b6 2. g3 Bb7 3. Bg2 Nf6 4. O-O g6 5. b3 Bg7 6. Bb2 O-O 7. c4 c5 8. d4
cxd4 9. Qxd4 Nc6 10. Qf4 d5 11. Rd1 Qb8 12. Nbd2 Qxf4 13. gxf4 Rfd8 14. Ne5 Rac8
15. Rac1 Nxe5 16. Bxe5 Ne4 17. Bxg7 Kxg7 18. Bxe4 dxe4 19. Nf1 f5 20. h4 Kf6 21.
Ng3 e5 22. e3 exf4 23. exf4 Rd3 24. Kf1 Rcd8 25. Ke2 a5 26. Rxd3 exd3+ 27. Kd2
Rd4 28. Ke3 Rd7 29. Rd1 Be4 30. Nxe4+ fxe4 31. Kxe4 d2 32. a3 h5 33. b4 axb4 34.
axb4 Re7+ 35. Kd5 Kf5 36. c5 bxc5 37. bxc5 Kxf4 38. c6 Kg4 39. Kd6 Re8 40. Kd7
Rh8 41. c7 Kxh4 42. c8=Q Rxc8 43. Kxc8 Kg4 44. Kd7 h4 45. Ke6 h3 46. Rxd2 h2 47.
Rd1 Kf3 48. Rh1 Kg2 49. Rxh2+ Kxh2 50. Kf6 Kg2 51. f4 Kf3 52. Kg5 Ke4 53. Kxg6
Kxf4 1/2-1/2

[Event "C'Chartres Blitz Men"]
[Site "Europe-Echecs INT"]
[Date "2020.06.13"]
[Round "4"]
[White "Murzin, Volodar"]
[Black "Studer, Noel"]
[Result "1-0"]
[WhiteTitle "IM"]
[BlackTitle "GM"]
[WhiteElo "2465"]
[BlackElo "2580"]
[WhiteFideId "44155573"]
[BlackFideId "1319620"]
[EventDate "2020.06.13"]

1. e4 c5 2. Nf3 Nc6 3. Bb5 g6 4. Bxc6 bxc6 5. O-O Bg7 6. Re1 Nh6 7. c3 O-O 8. d4
cxd4 9. cxd4 d5 10. e5 f6 11. h3 fxe5 12. Nxe5 Qb6 13. Bxh6 Bxh6 14. b3 Rf4 15.
Nc3 Bg7 16. Nf3 Bf5 17. Rxe7 Bf6 18. Re3 Bxd4 19. Na4 Bxe3 20. Nxb6 Bxb6 21. Qc1
Re4 22. Qxc6 Rd8 23. Rd1 d4 24. g4 d3 25. gxf5 gxf5 26. Ng5 Re7 27. Qc4+ Kh8 28.
Nf7+ 1-0

[Event "C'Chartres Blitz Men"]
[Site "Europe-Echecs INT"]
[Date "2020.06.13"]
[Round "4"]
[White "Lagarde, Maxime"]
[Black "Guliyev, Namig"]
[Result "1-0"]
[WhiteTitle "GM"]
[BlackTitle "GM"]
[WhiteElo "2655"]
[BlackElo "2529"]
[WhiteFideId "662399"]
[BlackFideId "13400363"]
[EventDate "2020.06.13"]

1. e4 e5 2. Nf3 Nf6 3. Nxe5 d6 4. Nf3 Nxe4 5. Qe2 Qe7 6. d3 Nf6 7. Nc3 c6 8. Bf4
Qxe2+ 9. Bxe2 Bg4 10. h3 Bxf3 11. Bxf3 Nbd7 12. g4 Nc5 13. O-O-O Ne6 14. Bg3 d5
15. h4 h6 16. Ne2 O-O-O 17. Nf4 Nxf4 18. Bxf4 Bc5 19. Rdf1 Bd6 20. Bd2 Nd7 21.
g5 hxg5 22. hxg5 Kc7 23. Kd1 Be5 24. c3 g6 25. d4 Bd6 26. Bg4 Rde8 27. f4 Rxh1
28. Rxh1 Nf8 29. f5 gxf5 30. Bxf5 b5 31. Rh6 Re7 32. Rxd6 1-0

[Event "C'Chartres Blitz Men"]
[Site "Europe-Echecs INT"]
[Date "2020.06.13"]
[Round "4"]
[White "Medvegy, Zoltan"]
[Black "Keymer, Vincent"]
[Result "1-0"]
[WhiteTitle "GM"]
[BlackTitle "GM"]
[WhiteElo "2524"]
[BlackElo "2558"]
[WhiteFideId "708402"]
[BlackFideId "12940690"]
[EventDate "2020.06.13"]

1. c4 e6 2. Nc3 d5 3. e3 Nf6 4. Nf3 dxc4 5. Bxc4 a6 6. O-O b5 7. Be2 Bb7 8. a4
b4 9. Nb1 c5 10. d3 Be7 11. Nbd2 Nc6 12. Nc4 O-O 13. e4 Nd7 14. Be3 Nb6 15. Nxb6
Qxb6 16. Rc1 Rac8 17. Nd2 Rfd8 18. Nb3 Na5 19. Nxa5 Qxa5 20. Qc2 Bf6 21. f4 Bd4
22. Bxd4 Rxd4 23. b3 Qd8 24. Rf3 f5 25. Re3 Qd6 26. g3 e5 27. Rf1 Rf8 28. Qc1
exf4 29. Rxf4 fxe4 30. Rxf8+ Qxf8 31. dxe4 Bxe4 32. Bc4+ Kh8 33. Qe1 Qf5 34. Bd3
Rxd3 35. Rxd3 h6 36. Re3 Bd5 37. Qf2 Qb1+ 38. Re1 Qd3 39. Re3 1-0

[Event "C'Chartres Blitz Men"]
[Site "Europe-Echecs INT"]
[Date "2020.06.13"]
[Round "5"]
[White "Bauer, Christian"]
[Black "Ivanchuk, Vasyl"]
[Result "1/2-1/2"]
[WhiteTitle "GM"]
[BlackTitle "GM"]
[WhiteElo "2623"]
[BlackElo "2678"]
[WhiteFideId "603767"]
[BlackFideId "14100010"]
[EventDate "2020.06.13"]

1. d4 d5 2. Bg5 h6 3. Bh4 c6 4. a3 Qb6 5. Ra2 Bf5 6. e3 Nd7 7. Nf3 e6 8. c4 Be7
9. c5 Qd8 10. Bg3 Ngf6 11. h3 Ne4 12. Bh2 a5 13. Nc3 b6 14. cxb6 Qxb6 15. Na4
Qb7 16. Bd3 O-O 17. O-O Rfc8 18. Ne5 Nef6 19. Bxf5 exf5 20. Ra1 c5 21. dxc5 Nxc5
22. Nxc5 Rxc5 23. Nd3 Rc4 24. b3 Rcc8 25. Be5 Nd7 26. Bd4 Nf8 27. b4 Ne6 28. Be5
axb4 29. axb4 Qb5 30. Rb1 Rc4 31. Nf4 Nxf4 32. Bxf4 Rxb4 33. Qc2 Qd7 34. Rxb4
Bxb4 35. Rd1 Bf8 36. Qd3 Rd8 37. Be5 Qe6 38. Bd4 Rc8 39. Qb3 h5 40. h4 Qc6 41.
Qb1 g6 42. Ba1 Qc2 43. Qxc2 Rxc2 44. Be5 Rc5 45. Rb1 Rc8 46. Rb5 Rd8 47. Bf6 Rd6
48. Be5 Rd8 49. Bf6 Rd6 50. Be5 Rc6 51. Rxd5 Rc5 1/2-1/2

[Event "C'Chartres Blitz Men"]
[Site "Europe-Echecs INT"]
[Date "2020.06.13"]
[Round "5"]
[White "Mamedov, Rauf"]
[Black "Gukesh, D"]
[Result "1-0"]
[WhiteTitle "GM"]
[BlackTitle "GM"]
[WhiteElo "2654"]
[BlackElo "2563"]
[WhiteFideId "13401653"]
[BlackFideId "46616543"]
[EventDate "2020.06.13"]

1. e4 c5 2. c3 Nf6 3. e5 Nd5 4. Bc4 e6 5. Nf3 d6 6. d4 cxd4 7. cxd4 Be7 8. O-O
O-O 9. Qe2 Nc6 10. Rd1 Na5 11. Bd3 Nb4 12. Nc3 Nxd3 13. Rxd3 Bd7 14. d5 exd5 15.
Rxd5 Be6 16. exd6 Bxd6 17. Bg5 Qb6 18. Be3 Qd8 19. Rad1 Bxd5 20. Rxd5 Rc8 21.
Qd3 Nc4 22. Ng5 f5 23. Ne6 Qe8 24. Nxf8 Bxf8 25. Rxf5 Nxb2 26. Qd5+ Kh8 27. Ne4
Rd8 28. Qb3 Rd1+ 29. Qxd1 Nxd1 30. Bd4 h6 31. f3 Kh7 32. h4 Qd7 33. Rxf8 Qxd4+
34. Kh2 Ne3 35. Rf7 Qe5+ 36. Kh3 Kg8 37. Rxb7 Qe6+ 38. Kg3 Qxa2 39. Rb8+ Kh7 40.
Rb7 Qxg2+ 41. Kf4 Nd5+ 42. Ke5 Nb6 43. Nf6+ Kg6 44. h5+ Kg5 45. Rxg7+ Kh4 46.
Rxg2 1-0

[Event "C'Chartres Blitz Men"]
[Site "Europe-Echecs INT"]
[Date "2020.06.13"]
[Round "5"]
[White "Dardha, Daniel"]
[Black "Edouard, Romain"]
[Result "1-0"]
[WhiteTitle "IM"]
[BlackTitle "GM"]
[WhiteElo "2449"]
[BlackElo "2649"]
[WhiteFideId "240990"]
[BlackFideId "633429"]
[EventDate "2020.06.13"]

1. e4 c5 2. Nf3 d6 3. Bb5+ Nd7 4. d4 cxd4 5. Qxd4 a6 6. Bxd7+ Qxd7 7. c4 e5 8.
Qd3 f5 9. Nc3 Nf6 10. Bg5 Be7 11. Bxf6 Bxf6 12. O-O O-O 13. Nd5 Bd8 14. Nd2 f4
15. Rac1 b5 16. c5 dxc5 17. Rxc5 Kh8 18. Nf3 Qd6 19. Rfc1 Bb7 20. Qc3 Bf6 21.
Qa5 Rac8 22. b4 Bd8 23. Qa3 Bf6 24. Qc3 h6 25. Nxf6 gxf6 26. Nh4 Rg8 27. Nf5 Qe6
28. f3 h5 29. Rc2 Rxc5 30. bxc5 Bc6 31. Rd2 Qc4 32. Qxc4 bxc4 33. Ne7 c3 34. Rc2
Rb8 35. Rxc3 Rb1+ 36. Kf2 Bb5 37. g3 Rb2+ 38. Ke1 Rxh2 39. gxf4 h4 40. c6 h3 41.
c7 Bd7 42. c8=Q+ Bxc8 43. Rxc8+ Kh7 44. Nf5 Rg2 45. Rc7+ Kh8 46. Kf1 exf4 47.
Rc8+ Kh7 48. Rc7+ Kh8 49. Rf7 Rg6 50. Nh4 Rg5 51. Rxf6 Rh5 52. Kg1 Rxh4 53. Kh2
a5 54. Rg6 Rh5 55. Rg4 Rb5 56. Kxh3 Rb2 57. Rxf4 Rxa2 58. Rf7 a4 59. Ra7 a3 60.
Kg4 Ra1 61. Kf5 a2 62. f4 Kg8 63. e5 Kf8 64. e6 Kg8 65. Kf6 Rf1 66. Ra8+ Kh7 67.
Rxa2 Rxf4+ 68. Ke7 Kg6 69. Rg2+ Kf5 70. Re2 Kg6 71. Ke8 Ra4 72. e7 Kf6 73. Kf8 1-0

[Event "C'Chartres Blitz Men"]
[Site "Europe-Echecs INT"]
[Date "2020.06.13"]
[Round "5"]
[White "Maurizzi, Marc Andria"]
[Black "Stephan, Victor"]
[Result "1-0"]
[WhiteTitle "IM"]
[BlackTitle "IM"]
[WhiteElo "2433"]
[BlackElo "2439"]
[WhiteFideId "36083534"]
[BlackFideId "656666"]
[EventDate "2020.06.13"]

1. d4 Nf6 2. Nf3 e6 3. Bf4 d5 4. Nbd2 Bd6 5. Bg5 Nbd7 6. e4 dxe4 7. Nxe4 Be7 8.
Nxf6+ Bxf6 9. Bxf6 Nxf6 10. Bd3 b6 11. Qe2 Bb7 12. Bb5+ c6 13. Bd3 Qd5 14. O-O
O-O 15. c4 Qh5 16. Ne5 Qxe2 17. Bxe2 Rfd8 18. Rfd1 Nd7 19. Bf3 Nxe5 20. dxe5 Kf8
21. Rd6 Rxd6 22. exd6 Rd8 23. Rd1 a5 24. b3 Ba8 25. c5 bxc5 26. Rc1 Rxd6 27.
Rxc5 Ke7 28. Rxa5 Bb7 29. Ra7 Rd7 30. a4 Kd6 31. a5 Bc8 32. Ra8 Kc7 33. a6 Rd2
34. a7 Ra2 35. h4 f6 36. Bxc6 Kxc6 37. Rxc8+ Kb7 38. Rg8 Kxa7 39. Rxg7+ Kb6 40.
Rxh7 Kc5 41. Rf7 f5 42. h5 Kd5 43. h6 Ra8 44. h7 Ke5 45. b4 1-0

[Event "C'Chartres Blitz Men"]
[Site "Europe-Echecs INT"]
[Date "2020.06.13"]
[Round "5"]
[White "Studer, Noel"]
[Black "Maghsoodloo, Parham"]
[Result "0-1"]
[WhiteTitle "GM"]
[BlackTitle "GM"]
[WhiteElo "2580"]
[BlackElo "2676"]
[WhiteFideId "1319620"]
[BlackFideId "12539929"]
[EventDate "2020.06.13"]

1. c4 e5 2. Nc3 Bb4 3. Nd5 Na6 4. e3 Nf6 5. Nxb4 Nxb4 6. a3 Nc6 7. b4 d5 8. cxd5
Nxd5 9. Bb2 f6 10. Qc2 O-O 11. Bd3 Kh8 12. h4 Ndxb4 13. axb4 Nxb4 14. Qb3 Nxd3+
15. Kf1 b6 16. Ba3 c5 17. Ne2 a5 18. Nc3 Ba6 19. Kg1 b5 20. Ne4 c4 21. Qb1 b4
22. Bb2 Bb7 23. Ng3 a4 24. h5 Qd5 25. f3 a3 26. Bc1 a2 27. Qc2 b3 28. Qc3 Qa5
29. Qxc4 b2 30. Bxb2 Nxb2 31. Qb3 Rfb8 32. Qxb2 Bxf3 33. Qc2 Bd5 34. h6 g6 35.
Kf2 Rc8 36. Qd3 Rd8 37. Qe2 Bxg2 38. Rhd1 Bd5 39. d4 Bb3 40. Rd2 Bc4 41. Qf3
Qxd2+ 42. Kg1 Rf8 43. Ne4 Qb2 0-1

[Event "C'Chartres Blitz Men"]
[Site "Europe-Echecs INT"]
[Date "2020.06.13"]
[Round "5"]
[White "Guliyev, Namig"]
[Black "Murzin, Volodar"]
[Result "1-0"]
[WhiteTitle "GM"]
[BlackTitle "IM"]
[WhiteElo "2529"]
[BlackElo "2465"]
[WhiteFideId "13400363"]
[BlackFideId "44155573"]
[EventDate "2020.06.13"]

1. e4 c6 2. d4 d5 3. Nc3 dxe4 4. Nxe4 Bf5 5. Ng3 Bg6 6. Nh3 Nf6 7. Bc4 Nbd7 8.
Nf4 Qc7 9. Bb3 e5 10. Nxg6 hxg6 11. O-O exd4 12. Re1+ Be7 13. Qxd4 Kf8 14. Rxe7
Kxe7 15. Bf4 Qb6 16. Re1+ Kd8 17. Qd2 Re8 18. Rd1 Nd5 19. Bxd5 cxd5 20. Qxd5 Re7
21. Bg5 f6 22. Qg8+ Re8 23. Qxg7 Qc6 24. Bxf6+ Kc8 25. Bg5 a5 26. h4 Ra6 27. c4
Nc5 28. b3 Qe6 29. Rd5 Rc6 30. Be3 Ne4 31. Nxe4 Qxe4 32. Rxa5 Ra6 33. Rxa6 bxa6
34. g3 Qb1+ 35. Kh2 Rxe3 36. Qg8+ Kc7 37. Qf7+ Kd6 38. fxe3 1-0

[Event "C'Chartres Blitz Men"]
[Site "Europe-Echecs INT"]
[Date "2020.06.13"]
[Round "5"]
[White "Keymer, Vincent"]
[Black "Lagarde, Maxime"]
[Result "1-0"]
[WhiteTitle "GM"]
[BlackTitle "GM"]
[WhiteElo "2558"]
[BlackElo "2655"]
[WhiteFideId "12940690"]
[BlackFideId "662399"]
[EventDate "2020.06.13"]

1. d4 Nc6 2. Nf3 d6 3. c4 Nf6 4. Nc3 e5 5. d5 Ne7 6. e4 Ng6 7. h3 Be7 8. Be3 O-O
9. Qd2 c5 10. Be2 Nxe4 11. Nxe4 f5 12. Nc3 f4 13. O-O-O fxe3 14. fxe3 b5 15.
cxb5 a6 16. bxa6 Qa5 17. h4 e4 18. Nxe4 Qxa2 19. Nc3 Qa5 20. h5 Bf6 21. hxg6 Bf5
22. Bd3 Bxd3 23. Qxd3 Rfb8 24. Kc2 c4 25. Qxc4 Rc8 26. Qb3 Rab8 27. Qxb8 Rxb8
28. Nd4 Qxa6 29. gxh7+ Kh8 30. Rb1 Bxd4 31. exd4 Qc8 32. Rhf1 Qg4 33. Rf2 Qxd4
34. Rbf1 Kxh7 35. Rf8 Rxf8 36. Rxf8 Qg4 37. Rf2 Kg8 38. b3 Qd4 39. Rd2 Qf4 40.
Rd3 Qf2+ 41. Rd2 Qf1 42. b4 Qc4 43. b5 Kf7 44. Re2 Qc5 45. Re4 Qf2+ 46. Kb3 Qxg2
47. b6 Qg5 48. b7 Qd8 49. Rb4 Qb8 50. Ne2 Ke7 51. Nd4 Kd7 52. Nc6 1-0

[Event "C'Chartres Blitz Men"]
[Site "Europe-Echecs INT"]
[Date "2020.06.13"]
[Round "5"]
[White "Firouzja, Alireza"]
[Black "Medvegy, Zoltan"]
[Result "1-0"]
[WhiteTitle "GM"]
[BlackTitle "GM"]
[WhiteElo "2728"]
[BlackElo "2524"]
[WhiteFideId "12573981"]
[BlackFideId "708402"]
[EventDate "2020.06.13"]

1. d4 e6 2. Nf3 Nf6 3. Bg5 c5 4. e3 Be7 5. c3 b6 6. Bd3 Ba6 7. Bxf6 Bxf6 8. d5
exd5 9. Bxa6 Nxa6 10. Qxd5 Nc7 11. Qe4+ Qe7 12. Qf4 d5 13. O-O O-O 14. Na3 Rad8
15. Rad1 Ne6 16. Qg4 Rd7 17. Nc2 Rfd8 18. Rd2 g6 19. Rfd1 h5 20. Qa4 Rd6 21. g3
Qb7 22. Qb5 d4 23. Nce1 a6 24. Qe2 b5 25. e4 Bg7 26. e5 R6d7 27. cxd4 cxd4 28.
Nd3 Qd5 29. a3 Rc7 30. Nb4 Qb7 31. Nc2 d3 32. Rxd3 Rxd3 33. Rxd3 Qc6 34. Nb4
Qc1+ 35. Rd1 Qc4 36. Qxc4 bxc4 37. Nxa6 Rb7 38. Nb4 Bf8 39. Rd2 Bxb4 40. axb4
Rxb4 41. Kg2 Nc5 42. Ne1 Na4 43. Rd8+ Kg7 44. Rd7 Kf8 45. Nf3 Nc5 46. Rc7 Ne6
47. Rc8+ Ke7 48. Nd2 Rxb2 49. Nxc4 Rc2 50. Nd6 Rxc8 51. Nxc8+ Kd7 52. Nd6 f6 53.
Nc4 Ke7 54. f4 Nc5 55. Kf3 Ke6 56. h4 Nd3 57. exf6 Kxf6 58. Ke3 Nc5 59. Ne5 Ne6
60. Nf3 Ng7 61. Nd4 Ne8 62. Ke4 Nd6+ 63. Kd5 Nf7 64. Ke4 Nd6+ 65. Kf3 Nc4 66.
Nc2 Nd2+ 67. Ke3 Nc4+ 68. Kd4 Nd6 69. Ne3 Nf7 70. Kd5 Nd8 71. Kd6 Ne6 72. Nd5+
Kf5 73. Ne7+ Kf6 74. Nxg6 Nd4 75. Ne7 Ne2 76. Nd5+ Kf7 77. Ke5 Nxg3 78. f5 Ne2
79. Nf4 Ng3 80. Ne6 Ne2 81. Ng5+ Kf8 82. f6 Ke8 83. Kf5 Kf8 84. f7 Kg7 85. Ke6
Nf4+ 86. Ke7 Ng6+ 87. Ke8 Kf6 88. Ne4+ Kf5 89. Nc5 Kf6 90. Nd7+ Kg7 91. Ne5 1-0

[Event "C'Chartres Blitz Men"]
[Site "Europe-Echecs INT"]
[Date "2020.06.13"]
[Round "6"]
[White "Ivanchuk, Vasyl"]
[Black "Dardha, Daniel"]
[Result "1/2-1/2"]
[WhiteTitle "GM"]
[BlackTitle "IM"]
[WhiteElo "2678"]
[BlackElo "2449"]
[WhiteFideId "14100010"]
[BlackFideId "240990"]
[EventDate "2020.06.13"]

1. e4 c5 2. Nf3 Nc6 3. d4 cxd4 4. Nxd4 e5 5. Nb5 d6 6. c4 Be7 7. N1c3 a6 8. Na3
Be6 9. Nc2 Bg5 10. Bxg5 Qxg5 11. Qd2 Qxd2+ 12. Kxd2 Nf6 13. Rd1 Ke7 14. Be2 Rac8
15. Rhe1 Nd4 16. b3 Nxc2 17. Kxc2 b5 18. f3 bxc4 19. b4 Rb8 20. a3 h5 21. Rd2 h4
22. Red1 Rhd8 23. g3 hxg3 24. hxg3 Nh5 25. Rg1 Nf6 26. f4 d5 27. exd5 Nxd5 28.
Nxd5+ Rxd5 29. Rxd5 Bxd5 30. Rd1 Bc6 31. Kc3 exf4 32. gxf4 Rc8 33. Rd4 Bb5 34.
Rd5 Rh8 35. Bxc4 Rh3+ 36. Rd3 Rxd3+ 37. Bxd3 Bxd3 38. Kxd3 g6 39. Kd4 Kd6 40. a4
f6 41. Ke4 g5 42. fxg5 fxg5 43. Kf5 Kd5 44. Kxg5 Kc4 45. b5 axb5 46. axb5 Kxb5 1/2-1/2

[Event "C'Chartres Blitz Men"]
[Site "Europe-Echecs INT"]
[Date "2020.06.13"]
[Round "6"]
[White "Gukesh, D"]
[Black "Bauer, Christian"]
[Result "0-1"]
[WhiteTitle "GM"]
[BlackTitle "GM"]
[WhiteElo "2563"]
[BlackElo "2623"]
[WhiteFideId "46616543"]
[BlackFideId "603767"]
[EventDate "2020.06.13"]

1. c4 e5 2. g3 Nc6 3. Bg2 Bc5 4. Nc3 a6 5. e3 d6 6. Nge2 Ba7 7. h3 h5 8. d4 Nge7
9. d5 Nb8 10. b4 Nd7 11. Bb2 Nf6 12. Qd2 Bf5 13. e4 Bd7 14. Nd1 h4 15. f4 Ng6
16. f5 Ne7 17. g4 Nc8 18. Rc1 Nb6 19. Ba1 Nh7 20. c5 Na4 21. Ndc3 Nxc3 22. Rxc3
Ng5 23. Bb2 Bb5 24. Nc1 a5 25. a3 axb4 26. axb4 f6 27. Nb3 O-O 28. Qe3 c6 29.
Qd2 Kh8 30. Qf2 cxd5 31. exd5 Kg8 32. Qxh4 e4 33. Nd4 dxc5 34. Nxb5 cxb4 35. Rc2
Bb6 36. Bf1 Rc8 37. Rc7 Nf3+ 38. Kd1 Nxh4 0-1

[Event "C'Chartres Blitz Men"]
[Site "Europe-Echecs INT"]
[Date "2020.06.13"]
[Round "6"]
[White "Firouzja, Alireza"]
[Black "Mamedov, Rauf"]
[Result "1-0"]
[WhiteTitle "GM"]
[BlackTitle "GM"]
[WhiteElo "2728"]
[BlackElo "2654"]
[WhiteFideId "12573981"]
[BlackFideId "13401653"]
[EventDate "2020.06.13"]

1. d4 d5 2. Nf3 Nf6 3. Bf4 Bf5 4. c4 e6 5. e3 Bxb1 6. Qxb1 Bb4+ 7. Ke2 Be7 8. g3
O-O 9. Bg2 c5 10. cxd5 Nxd5 11. dxc5 Nd7 12. Rd1 Nxc5 13. Ne5 Qb6 14. Bxd5 exd5
15. Qf5 g6 16. Qh3 Qxb2+ 17. Kf3 Ne4 18. Nd3 Qb5 19. Kg2 Rac8 20. Rab1 Qa6 21.
Be5 Rc2 22. Qd7 Bf6 23. Qxd5 Nd2 24. Nb4 Qe2 25. Nxc2 Nxb1 26. Bxf6 Qxc2 27. Rd4
Nc3 28. Qf3 Ne2 29. Rh4 h5 30. g4 Nc3 31. gxh5 Qf5 32. Qxf5 gxf5 33. Bxc3 1-0